000 00718nam a2200253Ia 4500
003 OSt
005 20220918184657.0
006 a|||||r|||| 00| 0
007 ta
008 220917b |||||||| |||| 00| 0 eng d
024 _a47,552
037 _cTextual
040 _aARTS
_cARTS
_beng
041 _2eng
_aeng
082 _aP:g, M5
100 _aGovadandiv Jadranka
_966327
245 0 _aLanguage system and its challenge on theory and testablity
260 _aBerlin
_bMounton de Gruter
_c1985
300 _avii,221p.
_ccm.
490 _aTrends in lingustics : studies and photohraphs
650 _aLINGUISTICS
942 _hP:g, M5
_cTEXL
_2CC
999 _c177398
_d177398